000 00558nam a2200193Ia 4500
005 20250508165205.0
008 008 250505s9999 xx 000 0 eng d
037 _aDissertations
040 _aFEDL
_beng
_cFEDL
041 _aeng
_2eng
084 _a372, ARY/DI
_qFEDL
100 _aArya Jigyasa
_9780111
245 0 _aPeer learning among primary school children: An exploratory study
260 _c2012
300 _a66p.
546 _aM.Ed. Dissertation, (Delhi University)
942 _cDIS
_h372, ARY/DI
999 _c1393683
_d1393683